La France peut-elle encore agir sur le monde? (notice n° 1512534)
[ vue normale ]
| 000 -LEADER | |
|---|---|
| fixed length control field | 00806cam a2200133 4500500 |
| 005 - DATE AND TIME OF LATEST TRANSACTION | |
| control field | 20251012001425.0 |
| 041 ## - LANGUAGE CODE | |
| Language code of text/sound track or separate title | fre |
| 042 ## - AUTHENTICATION CODE | |
| Authentication code | dc |
| 100 10 - MAIN ENTRY--PERSONAL NAME | |
| Personal name | Charillon, Frédéric |
| Relator term | author |
| 245 00 - TITLE STATEMENT | |
| Title | La France peut-elle encore agir sur le monde? |
| 260 ## - PUBLICATION, DISTRIBUTION, ETC. | |
| Name of publisher, distributor, etc. | Armand Colin,<br/> |
| Date of publication, distribution, etc. | 2010.<br/> |
| 520 ## - SUMMARY, ETC. | |
| Summary, etc. | En ce début de XXIe siècle, la position de la France n’est plus la même sur la scène internationale. Les héritages historiques lui donnent encore un certain poids diplomatique. Cet essai offre un regard lucide sur la position de la France dans le monde et mesure les adaptations à mener pour inscrire l’action extérieure de la France sur la scène mondiale. |
| 856 41 - ELECTRONIC LOCATION AND ACCESS | |
| Uniform Resource Identifier | <a href="https://shs.cairn.info/la-france-peut-elle-encore-agir-sur-le-monde--9782200354800?lang=fr&redirect-ssocas=7080">https://shs.cairn.info/la-france-peut-elle-encore-agir-sur-le-monde--9782200354800?lang=fr&redirect-ssocas=7080</a> |
Pas d'exemplaire disponible.




Réseaux sociaux